Sports Quiz

Random Sports or Baseball Quiz

Seattle Mariners Career WAR Leaders Quiz Stats

Quiz not verified by Sporcle

Challenge
Share
Tweet
Embed
Score 0/20 Timer 05:00
0 Plays Today
Player % Correct
Ken Griffey, Jr
98.5%
Edgar Martinez
96.7%
Felix Hernandez
94.1%
Randy Johnson
93.5%
Ichiro Suzuki
90.8%
Jay Buhner
89.2%
Alex Rodriguez
85.4%
Jamie Moyer
82.4%
Bret Boone
78.6%
Alvin Davis
63.7%
Player % Correct
Freddy Garcia
59.3%
Mike Cameron
59.2%
John Olerud
57.4%
Adrian Beltre
55.8%
Mark Langston
52.5%
Hisashi Iwakuma
44.7%
Mike Moore
19.5%
Erik Hanson
16.1%
Floyd Bannister
10%
Jim Beattie
6.3%

You're not logged in!

Compare scores with friends on all Sporcle quizzes.
Sign Up with Email
OR
Log In

You Might Also Like...

Show Comments

Extras

Top Quizzes Today


Score Distribution

Your Account Isn't Verified!

In order to create a playlist on Sporcle, you need to verify the email address you used during registration. Go to your Sporcle Settings to finish the process.

Report this User

Report this user for behavior that violates our Community Guidelines.

Details: